[Event "Stay Safe Play From Home 413"]
[Site "Emanuel Lasker Arena"]
[Date "2020.08.26"]
[Round "2"]
[White "MihailoVujic"]
[Black "Lazieri3"]
[Result "0-1"]
[WhiteElo "2122"]
[BlackElo "1948"]
[PlyCount "110"]
[EventDate "2020.08.26"]
[EventType "swiss (blitz)"]

1. e4 {[%emt 0:00:02]} c6 {[%emt 0:00:00]} 2. d4 {[%emt 0:00:01]} d5 {[%emt 0:00:00]} 3. f3 {[%emt 0:00:00]} dxe4 {[%emt 0:00:01]} 4. fxe4 {[%emt 0:00:02]} Nf6 {[%emt 0:00:00]} 5. e5 {[%emt 0:00:04]} Bg4 {[%emt 0:00:01]} 6. Nf3 {[%emt 0:00:08]} Nd5 {[%emt 0:00:04]} 7. Bd3 {[%emt 0:00:03]} e6 {[%emt 0:00:05]} 8. O-O {[%emt 0:00:02]} Be7 {[%emt 0:00:04]} 9. h3 {[%emt 0:00:03]} Bh5 {[%emt 0:00:01]} 10. Nc3 {[%emt 0:00:07]} Nxc3 {[%emt 0:00:03]} 11. bxc3 {[%emt 0:00:01]} Nd7 {[%emt 0:00:03]} 12. Qe1 {[%emt 0:00:03]} Bg6 {[%emt 0:00:04]} 13. Qg3 {[%emt 0:00:17]} O-O {[%emt 0:00:04]} 14. Bg5 {[%emt 0:00:13]} Bxg5 {[%emt 0:00:03]} 15. Nxg5 {[%emt 0:00:02]} Bxd3 {[%emt 0:00:06]} 16. cxd3 {[%emt 0:00:03]} h6 {[%emt 0:00:03]} 17. Ne4 {[%emt 0:00:02]} c5 {[%emt 0:00:01]} 18. Nf6+ {[%emt 0:00:02]} Nxf6 {[%emt 0:00:53]} 19. exf6 {[%emt 0:00:00]} g6 {[%emt 0:00:01]} 20. Rf4 {[%emt 0:00:03]} cxd4 {[%emt 0:00:04]} 21. cxd4 {[%emt 0:00:09]} Kh7 {[%emt 0:00:25]} 22. Raf1 {[%emt 0:00:03]} Rh8 {[%emt 0:00:10]} 23. Rh4 {[%emt 0:00:10]} Kg8 {[%emt 0:00:02]} 24. Rg4 {[%emt 0:00:02]} Kh7 {[%emt 0:00:03] Lazieri3 offers a draw Lazieri3 offers a draw Lazieri3 offers a draw} 25. h4 {[%emt 0:00:26]} Qd5 {[%emt 0:00:11]} 26. Rxg6 {[%emt 0:00:31]} Qxd4+ {[%emt 0:00:25]} 27. Kh1 {[%emt 0:00:17]} Rhg8 {[%emt 0:00:03]} 28. Rg7+ {[%emt 0:00:23]} Kh8 {[%emt 0:00:03]} 29. Rf4 {[%emt 0:00:06]} Qa1+ {[%emt 0:00:10]} 30. Kh2 {[%emt 0:00:01]} Qe5 {[%emt 0:00:02]} 31. d4 {[%emt 0:00:12]} Qc7 {[%emt 0:00:38]} 32. Qe3 {[%emt 0:00:23]} Rxg7 {[%emt 0:00:10]} 33. fxg7+ {[%emt 0:00:00]} Kxg7 {[%emt 0:00:00]} 34. g3 {[%emt 0:00:01]} Re8 {[%emt 0:00:33]} 35. Rg4+ {[%emt 0:00:02]} Kh7 {[%emt 0:00:02]} 36. h5 {[%emt 0:00:08]} Qc2+ {[%emt 0:00:06]} 37. Kh3 {[%emt 0:00:01]} Qf5 {[%emt 0:00:01]} 38. Kg2 {[%emt 0:00:06]} Qxg4 {[%emt 0:00:02]} 39. Qd3+ {[%emt 0:00:01]} Qf5 {[%emt 0:00:02]} 40. Qe3 {[%emt 0:00:01]} Rc8 {[%emt 0:00:01]} 41. Qe2 {[%emt 0:00:02]} Rc2 {[%emt 0:00:01]} 42. Qxc2 {[%emt 0:00:01]} Qxc2+ {[%emt 0:00:00]} 43. Kh3 {[%emt 0:00:01]} Qxa2 {[%emt 0:00:01]} 44. Kg4 {[%emt 0:00:01]} Qd5 {[%emt 0:00:00]} 45. Kf4 {[%emt 0:00:01]} Qxd4+ {[%emt 0:00:00]} 46. Kf3 {[%emt 0:00:00]} Qf6+ {[%emt 0:00:00]} 47. Kg4 {[%emt 0:00:01]} Qg5+ {[%emt 0:00:00]} 48. Kf3 {[%emt 0:00:01]} a5 {[%emt 0:00:00]} 49. g4 {[%emt 0:00:00]} a4 {[%emt 0:00:00]} 50. Ke4 {[%emt 0:00:00]} a3 {[%emt 0:00:00]} 51. Kf3 {[%emt 0:00:00]} a2 {[%emt 0:00:00]} 52. Ke4 {[%emt 0:00:00]} a1=Q {[%emt 0:00:00]} 53. Kf3 {[%emt 0:00:00]} Qf1+ {[%emt 0:00:01]} 54. Kg3 {[%emt 0:00:01]} Qgf4+ {[%emt 0:00:01]} 55. Kh4 {[%emt 0:00:01]} Qh1# {[%emt 0:00:02] (Lag: Av=0.73s, max=1.5s) (Lag: Av=0.73s, max=1.5s) (Lag: Av=0.73s, max=1.5s)} 0-1

[Event "Stay Safe Play From Home 413"]
[Site "Emanuel Lasker Arena"]
[Date "2020.08.26"]
[Round "2"]
[White "Don59as"]
[Black "Fischer_11"]
[Result "1-0"]
[WhiteElo "2025"]
[BlackElo "1884"]
[Annotator "NA"]
[PlyCount "141"]
[EventDate "2020.08.26"]
[EventType "swiss (blitz)"]

1. c4 {[%emt 0:00:02]} Nf6 {[%emt 0:00:06]} 2. Nc3 {[%emt 0:00:01]} c5 {[%emt 0:00:02]} 3. e4 {[%emt 0:00:02]} Nc6 {[%emt 0:00:01]} 4. g3 {[%emt 0:00:02]} e6 {[%emt 0:00:00]} 5. Bg2 {[%emt 0:00:01]} d5 {[%emt 0:00:00]} 6. exd5 {[%emt 0:00:02]} exd5 {[%emt 0:00:00]} 7. cxd5 {[%emt 0:00:09]} Nb4 {[%emt 0:00:04]} 8. d3 {[%emt 0:00:01]} Nbxd5 {[%emt 0:00:02]} 9. Nge2 {[%emt 0:00:02]} Be7 {[%emt 0:00:07]} 10. O-O {[%emt 0:00:03]} O-O {[%emt 0:00:01]} 11. h3 {[%emt 0:00:03]} Be6 {[%emt 0:00:02]} 12. Ne4 {[%emt 0:00:03]} Nxe4 {[%emt 0:00:03]} 13. dxe4 {[%emt 0:00:03]} Nb4 {[%emt 0:00:03]} 14. Nf4 {[%emt 0:00:09]} Bxa2 {[%emt 0:00:05]} 15. Bd2 {[%emt 0:00:24]} Bc4 {[%emt 0:00:03]} 16. Re1 {[%emt 0:00:07]} Nd3 {[%emt 0:00:03]} 17. Nxd3 {[%emt 0:00:03]} Qxd3 {[%emt 0:00:03]} 18. Be3 {[%emt 0:00:11]} Qxd1 {[%emt 0:00:07]} 19. Rexd1 {[%emt 0:00:02]} b6 {[%emt 0:00:01]} 20. Rd7 {[%emt 0:00:04]} Bf6 {[%emt 0:00:01]} 21. e5 {[%emt 0:00:05]} Bxe5 {[%emt 0:00:08]} 22. Bxa8 {[%emt 0:00:02]} Rxa8 {[%emt 0:00:03]} 23. Raxa7 {[%emt 0:00:01]} Rc8 {[%emt 0:00:04]} 24. Bc1 {[%emt 0:00:13]} h6 {[%emt 0:00:14]} 25. Kg2 {[%emt 0:00:01]} Be6 {[%emt 0:00:02]} 26. Rd1 {[%emt 0:00:07]} b5 {[%emt 0:00:03]} 27. Rb7 {[%emt 0:00:08]} b4 {[%emt 0:00:02]} 28. g4 {[%emt 0:00:27]} g5 {[%emt 0:00:05]} 29. f3 {[%emt 0:00:05]} Bb3 {[%emt 0:00:05]} 30. Re1 {[%emt 0:00:03]} Bf6 {[%emt 0:00:08]} 31. h4 {[%emt 0:00:02]} Kg7 {[%emt 0:00:04]} 32. hxg5 {[%emt 0:00:02]} hxg5 {[%emt 0:00:00]} 33. Be3 {[%emt 0:00:13]} Bxb2 {[%emt 0:00:07]} 34. Bxc5 {[%emt 0:00:04]} Bc3 {[%emt 0:00:05]} 35. Rb1 {[%emt 0:00:05]} Bd5 {[%emt 0:00:04]} 36. R7xb4 {[%emt 0:00:12]} Rxc5 {[%emt 0:00:10]} 37. Rb5 {[%emt 0:00:01]} Rxb5 {[%emt 0:00:06]} 38. Rxb5 {[%emt 0:00:01]} Be6 {[%emt 0:00:08]} 39. Rxg5+ {[%emt 0:00:01]} Kf6 {[%emt 0:00:01]} 40. Rc5 {[%emt 0:00:04]} Bd4 {[%emt 0:00:01]} 41. Ra5 {[%emt 0:00:02]} Bc3 {[%emt 0:00:01]} 42. Rb5 {[%emt 0:00:01]} Bd2 {[%emt 0:00:02]} 43. Kg3 {[%emt 0:00:01]} Be1+ {[%emt 0:00:01]} 44. Kg2 {[%emt 0:00:02]} Kg6 {[%emt 0:00:01]} 45. f4 {[%emt 0:00:03]} Bxg4 {[%emt 0:00:04]} 46. Rg5+ {[%emt 0:00:01]} Kf6 {[%emt 0:00:03]} 47. Rxg4 {[%emt 0:00:01]} Kf5 {[%emt 0:00:02]} 48. Kf3 {[%emt 0:00:01]} Bd2 {[%emt 0:00:00]} 49. Rg5+ {[%emt 0:00:01]} Kf6 {[%emt 0:00:01]} 50. Rd5 {[%emt 0:00:02]} Bc1 {[%emt 0:00:01]} 51. Kg4 {[%emt 0:00:01]} Ke6 {[%emt 0:00:02]} 52. Rc5 {[%emt 0:00:01]} Bd2 {[%emt 0:00:01]} 53. Rc6+ {[%emt 0:00:01]} Ke7 {[%emt 0:00:01]} 54. Kf5 {[%emt 0:00:01]} Bb4 {[%emt 0:00:09]} 55. Rc7+ {[%emt 0:00:02]} Ke8 {[%emt 0:00:03]} 56. Kf6 {[%emt 0:00:02]} Bd6 {[%emt 0:00:05]} 57. Rc4 {[%emt 0:00:05]} Be7+ {[%emt 0:00:01]} 58. Kf5 {[%emt 0:00:02]} Bd6 {[%emt 0:00:01]} 59. Kg5 {[%emt 0:00:03]} Be7+ {[%emt 0:00:01]} 60. Kg4 {[%emt 0:00:01]} Bd6 {[%emt 0:00:00]} 61. f5 {[%emt 0:00:01]} f6 {[%emt 0:00:02]} 62. Re4+ {[%emt 0:00:03]} Be5 {[%emt 0:00:02]} 63. Kh5 {[%emt 0:00:01]} Kf7 {[%emt 0:00:01]} 64. Ra4 {[%emt 0:00:01]} Bb2 {[%emt 0:00:05]} 65. Ra7+ {[%emt 0:00:01]} Ke8 {[%emt 0:00:01]} 66. Kg6 {[%emt 0:00:00]} Bc3 {[%emt 0:00:01]} 67. Ra6 {[%emt 0:00:01]} Ke7 {[%emt 0:00:02]} 68. Re6+ {[%emt 0:00:01]} Kd7 {[%emt 0:00:05]} 69. Rxf6 {[%emt 0:00:01]} Bxf6 {[%emt 0:00:03]} 70. Kxf6 {[%emt 0:00:01]} Ke8 {[%emt 0:00:00]} 71. Kg7 {[%emt 0:00:00] Fischer_11 gibt auf Fischer_11 gibt auf Fischer_11 gibt auf (Lag: Av=0.55s, max=1.1s) (Lag: Av=0.55s, max=1.1s) (Lag: Av=0.55s, max=1.1s)} 1-0

[Event "Stay Safe Play From Home 413"]
[Site "Emanuel Lasker Arena"]
[Date "2020.08.26"]
[Round "2"]
[White "Dukic"]
[Black "Hickey"]
[Result "0-1"]
[WhiteElo "1840"]
[BlackElo "2179"]
[PlyCount "104"]
[EventDate "2020.08.26"]
[EventType "swiss (blitz)"]

1. c4 {[%emt 0:00:04]} Nf6 {[%emt 0:00:02]} 2. Nc3 {[%emt 0:00:02]} b6 {[%emt 0:00:00]} 3. d4 {[%emt 0:00:02]} Bb7 {[%emt 0:00:00]} 4. f3 {[%emt 0:00:06]} d5 {[%emt 0:00:06]} 5. cxd5 {[%emt 0:00:02]} Nxd5 {[%emt 0:00:00]} 6. e4 {[%emt 0:00:01]} Nxc3 {[%emt 0:00:02]} 7. bxc3 {[%emt 0:00:01]} e6 {[%emt 0:00:00]} 8. Bd3 {[%emt 0:00:03]} Be7 {[%emt 0:00:00]} 9. Ne2 {[%emt 0:00:04]} O-O {[%emt 0:00:00]} 10. Bf4 {[%emt 0:00:03]} c5 {[%emt 0:00:00]} 11. O-O {[%emt 0:00:02]} Nc6 {[%emt 0:00:05]} 12. d5 {[%emt 0:00:15]} Nb8 {[%emt 0:00:39]} 13. c4 {[%emt 0:00:13]} Bd6 {[%emt 0:00:06]} 14. e5 {[%emt 0:00:05]} Be7 {[%emt 0:00:01]} 15. d6 {[%emt 0:00:03]} Bg5 {[%emt 0:00:01]} 16. Bg3 {[%emt 0:00:08]} Be3+ {[%emt 0:00:13]} 17. Kh1 {[%emt 0:00:02]} Nc6 {[%emt 0:00:03]} 18. Bxh7+ {[%emt 0:00:09]} Kxh7 {[%emt 0:00:04]} 19. Qd3+ {[%emt 0:00:01]} Kg8 {[%emt 0:00:15]} 20. Qxe3 {[%emt 0:00:01]} Ba6 {[%emt 0:00:04]} 21. Rac1 {[%emt 0:00:02]} Na5 {[%emt 0:00:02]} 22. Qe4 {[%emt 0:00:04]} Qd7 {[%emt 0:00:06]} 23. Be1 {[%emt 0:00:12]} Qa4 {[%emt 0:00:02]} 24. Bxa5 {[%emt 0:00:06]} Qxa5 {[%emt 0:00:00]} 25. Rc2 {[%emt 0:00:04]} Qa4 {[%emt 0:00:10]} 26. Rfc1 {[%emt 0:00:03]} Rfd8 {[%emt 0:00:06]} 27. Ng3 {[%emt 0:00:02]} g6 {[%emt 0:00:18]} 28. h4 {[%emt 0:00:03]} Kg7 {[%emt 0:00:02]} 29. h5 {[%emt 0:00:02]} Rh8 {[%emt 0:00:02]} 30. Kg1 {[%emt 0:00:02]} gxh5 {[%emt 0:00:03]} 31. Qf4 {[%emt 0:00:03]} Rag8 {[%emt 0:00:11]} 32. Ne4 {[%emt 0:00:17]} Kf8 {[%emt 0:00:08]} 33. Nf6 {[%emt 0:00:03]} Rg6 {[%emt 0:00:01]} 34. Qe4 {[%emt 0:00:17]} Kg7 {[%emt 0:00:06]} 35. Rd2 {[%emt 0:00:16]} Rxf6 {[%emt 0:00:18]} 36. exf6+ {[%emt 0:00:02]} Kxf6 {[%emt 0:00:00]} 37. d7 {[%emt 0:00:04]} Ke7 {[%emt 0:00:05]} 38. Qh4+ {[%emt 0:00:12]} f6 {[%emt 0:00:02]} 39. d8=Q+ {[%emt 0:00:03]} Rxd8 {[%emt 0:00:02]} 40. Rxd8 {[%emt 0:00:01]} Kxd8 {[%emt 0:00:00]} 41. Qxf6+ {[%emt 0:00:01]} Kd7 {[%emt 0:00:01]} 42. Qf7+ {[%emt 0:00:04]} Kd6 {[%emt 0:00:03]} 43. Qxa7 {[%emt 0:00:02]} b5 {[%emt 0:00:09]} 44. Qb6+ {[%emt 0:00:03]} Ke7 {[%emt 0:00:04]} 45. cxb5 {[%emt 0:00:01]} Qd4+ {[%emt 0:00:01]} 46. Kf1 {[%emt 0:00:27]} Qd3+ {[%emt 0:00:04]} 47. Kg1 {[%emt 0:00:19]} Qe3+ {[%emt 0:00:01]} 48. Kh2 {[%emt 0:00:02]} Qf4+ {[%emt 0:00:04]} 49. Kh3 {[%emt 0:00:10]} Qf5+ {[%emt 0:00:03]} 50. Kh4 {[%emt 0:00:12]} Qf4+ {[%emt 0:00:06]} 51. Kxh5 {[%emt 0:00:02]} Kf6 {[%emt 0:00:11]} 52. Qxc5 {[%emt 0:00:06]} Bxb5 {[%emt 0:00:04] Zeit Zeit Zeit (Lag: Av=0.60s, max=0.9s) (Lag: Av=0.60s, max=0.9s) (Lag: Av=0.60s, max=0.9s)} 0-1

[Event "Stay Safe Play From Home 413"]
[Site "Emanuel Lasker Arena"]
[Date "2020.08.26"]
[Round "2"]
[White "Padmaesh M K"]
[Black "Nguyen Hong Anh"]
[Result "0-1"]
[WhiteElo "1814"]
[BlackElo "2176"]
[PlyCount "58"]
[EventDate "2020.08.26"]
[EventType "swiss (blitz)"]
[TimeControl "300"]

1. Nf3 {[%emt 0:00:02]} Nf6 {[%emt 0:00:02]} 2. g3 {[%emt 0:00:00]} g6 {[%emt 0:00:01]} 3. Bg2 {[%emt 0:00:00]} Bg7 {[%emt 0:00:00]} 4. O-O {[%emt 0:00:00]} O-O {[%emt 0:00:01]} 5. c4 {[%emt 0:00:00]} d5 {[%emt 0:00:01]} 6. d4 {[%emt 0:00:02]} dxc4 {[%emt 0:00:01]} 7. Ne5 {[%emt 0:00:01]} c5 {[%emt 0:00:01]} 8. dxc5 {[%emt 0:00:11]} Qc7 {[%emt 0:00:02]} 9. Nxc4 {[%emt 0:00:07]} Qxc5 {[%emt 0:00:01]} 10. Qb3 {[%emt 0:00:02]} Nc6 {[%emt 0:00:02]} 11. Be3 {[%emt 0:00:05]} Qh5 {[%emt 0:00:02]} 12. Nc3 {[%emt 0:00:09]} Ng4 {[%emt 0:00:24]} 13. h4 {[%emt 0:00:21]} Na5 {[%emt 0:00:16]} 14. Nxa5 {[%emt 0:00:08]} Nxe3 {[%emt 0:00:02]} 15. fxe3 {[%emt 0:00:01]} Qxa5 {[%emt 0:00:02]} 16. Rac1 {[%emt 0:00:18]} Be6 {[%emt 0:00:02]} 17. Qxb7 {[%emt 0:00:15]} Rab8 {[%emt 0:00:01]} 18. Qxe7 {[%emt 0:00:06]} Rxb2 {[%emt 0:00:02]} 19. Ne4 {[%emt 0:00:03]} Rxe2 {[%emt 0:00:03]} 20. Ng5 {[%emt 0:00:24]} Qxa2 {[%emt 0:00:15]} 21. Qb7 {[%emt 0:00:15]} Rxe3 {[%emt 0:00:35]} 22. Nxf7 {[%emt 0:01:20]} Rxf7 {[%emt 0:00:25]} 23. Rxf7 {[%emt 0:00:44]} Bxf7 {[%emt 0:00:34]} 24. Rf1 {[%emt 0:00:02]} Re2 {[%emt 0:00:18]} 25. Rxf7 {[%emt 0:00:12]} Rxg2+ {[%emt 0:00:02]} 26. Qxg2 {[%emt 0:00:02]} Qxg2+ {[%emt 0:00:02]} 27. Kxg2 {[%emt 0:00:01]} Kxf7 {[%emt 0:00:00]} 28. Kf3 {[%emt 0:00:01]} a5 {[%emt 0:00:00]} 29. g4 {[%emt 0:00:01]} a4 {[%emt 0:00:01] Padmaesh M K resigns (Lag: Av=1.11s, max=2.0s)} 0-1

[Event "Stay Safe Play From Home 413"]
[Site "Emanuel Lasker Arena"]
[Date "2020.08.26"]
[Round "2"]
[White "JULIAN16"]
[Black "Tvtower68"]
[Result "0-1"]
[WhiteElo "1812"]
[BlackElo "1714"]
[Annotator "NA"]
[PlyCount "44"]
[EventDate "2020.08.26"]
[EventType "swiss (blitz)"]

1. d4 {[%emt 0:00:01]} d5 {[%emt 0:00:01]} 2. c4 {[%emt 0:00:00]} Nf6 {[%emt 0:00:03]} 3. cxd5 {[%emt 0:00:02]} Nxd5 {[%emt 0:00:04]} 4. Nc3 {[%emt 0:00:04]} Bf5 {[%emt 0:00:02]} 5. Qa4+ {[%emt 0:00:18]} c6 {[%emt 0:00:04]} 6. Qb3 {[%emt 0:00:18]} Bg6 {[%emt 0:00:06]} 7. Qxb7 {[%emt 0:00:06]} Nd7 {[%emt 0:00:08]} 8. Nxd5 {[%emt 0:00:14]} cxd5 {[%emt 0:00:02]} 9. Qxd5 {[%emt 0:00:01]} e6 {[%emt 0:00:01]} 10. Qb5 {[%emt 0:00:07]} a6 {[%emt 0:00:03]} 11. Qa4 {[%emt 0:00:03]} Bd6 {[%emt 0:00:11]} 12. Nf3 {[%emt 0:00:03]} O-O {[%emt 0:00:02]} 13. Bg5 {[%emt 0:00:04]} Qb8 {[%emt 0:00:03]} 14. Qxd7 {[%emt 0:00:25]} Qxb2 {[%emt 0:00:01]} 15. Rd1 {[%emt 0:00:10]} Bb4+ {[%emt 0:00:13]} 16. Bd2 {[%emt 0:00:04]} Bc2 {[%emt 0:00:01]} 17. Bxb4 {[%emt 0:00:28]} Qxb4+ {[%emt 0:00:03]} 18. Nd2 {[%emt 0:00:09]} Rfd8 {[%emt 0:00:11]} 19. Qc7 {[%emt 0:00:03]} Rac8 {[%emt 0:00:02]} 20. Qf4 {[%emt 0:00:06]} Rxd4 {[%emt 0:00:06]} 21. Qe3 {[%emt 0:00:15]} Bxd1 {[%emt 0:00:11]} 22. Kxd1 {[%emt 0:00:04]} Qb1# {[%emt 0:00:01] (Lag: Av=0.74s, max=1.1s) (Lag: Av=0.74s, max=1.1s) (Lag: Av=0.74s, max=1.1s)} 0-1

[Event "Stay Safe Play From Home 413"]
[Site "Emanuel Lasker Arena"]
[Date "2020.08.26"]
[Round "3"]
[White "Hickey"]
[Black "Don59as"]
[Result "0-1"]
[WhiteElo "2184"]
[BlackElo "2036"]
[Annotator "NA"]
[PlyCount "55"]
[EventDate "2020.08.26"]
[EventType "swiss (blitz)"]

1. g3 {[%emt 0:00:03]} d5 {[%emt 0:00:02]} 2. Bg2 {[%emt 0:00:01]} e5 {[%emt 0:00:01]} 3. b3 {[%emt 0:00:02]} g6 {[%emt 0:00:01]} 4. Bb2 {[%emt 0:00:00]} Bg7 {[%emt 0:00:01]} 5. f4 {[%emt 0:00:02]} f6 {[%emt 0:00:07]} 6. fxe5 {[%emt 0:00:03]} fxe5 {[%emt 0:00:01]} 7. Nf3 {[%emt 0:00:00]} Nc6 {[%emt 0:00:02]} 8. O-O {[%emt 0:00:03]} Nh6 {[%emt 0:00:24]} 9. c4 {[%emt 0:00:33]} Be6 {[%emt 0:00:18]} 10. cxd5 {[%emt 0:00:04]} Bxd5 {[%emt 0:00:03]} 11. Nc3 {[%emt 0:00:00]} Be6 {[%emt 0:00:19]} 12. Ne4 {[%emt 0:00:08]} O-O {[%emt 0:00:08]} 13. h3 {[%emt 0:00:17]} Nf5 {[%emt 0:00:24]} 14. Kh2 {[%emt 0:00:06]} Ncd4 {[%emt 0:00:05]} 15. Nxd4 {[%emt 0:00:32]} exd4 {[%emt 0:00:10]} 16. Rc1 {[%emt 0:00:36]} Bd5 {[%emt 0:00:21]} 17. Qc2 {[%emt 0:00:04]} c6 {[%emt 0:00:05]} 18. Nc5 {[%emt 0:00:19]} Qe7 {[%emt 0:00:08]} 19. Bxd5+ {[%emt 0:00:32]} cxd5 {[%emt 0:00:04]} 20. Qd3 {[%emt 0:00:02]} Rae8 {[%emt 0:00:16]} 21. e3 {[%emt 0:00:36]} b6 {[%emt 0:00:19]} 22. Na6 {[%emt 0:00:12]} Qg5 {[%emt 0:00:24]} 23. exd4 {[%emt 0:00:26]} Re3 {[%emt 0:00:04]} 24. Rxf5 {[%emt 0:00:10]} Qxg3+ {[%emt 0:00:03]} 25. Kh1 {[%emt 0:00:03]} Qxh3+ {[%emt 0:00:07]} 26. Kg1 {[%emt 0:00:00]} Rxd3 {[%emt 0:00:12]} 27. Rxf8+ {[%emt 0:00:00]} Bxf8 {[%emt 0:00:01]} 28. Ba3 {[%emt 0:00:00] Hickey resigns Hickey resigns Hickey resigns (Lag: Av=0.81s, max=1.2s) (Lag: Av=0.81s, max=1.2s) (Lag: Av=0.81s, max=1.2s)} 0-1

[Event "Stay Safe Play From Home 413"]
[Site "Emanuel Lasker Arena"]
[Date "2020.08.26"]
[Round "3"]
[White "Nguyen Hong Anh"]
[Black "Dukic"]
[Result "1-0"]
[WhiteElo "2180"]
[BlackElo "1836"]
[PlyCount "105"]
[EventDate "2020.08.26"]
[EventType "swiss (blitz)"]

1. d4 {[%emt 0:00:02]} d5 {[%emt 0:00:02]} 2. c4 {[%emt 0:00:01]} c6 {[%emt 0:00:03]} 3. Nf3 {[%emt 0:00:01]} Nf6 {[%emt 0:00:01]} 4. Qc2 {[%emt 0:00:00]} Bg4 {[%emt 0:00:05]} 5. Ne5 {[%emt 0:00:02]} Bh5 {[%emt 0:00:03]} 6. g3 {[%emt 0:00:01]} e6 {[%emt 0:00:01]} 7. Bg2 {[%emt 0:00:01]} Nbd7 {[%emt 0:00:01]} 8. O-O {[%emt 0:00:01]} Nxe5 {[%emt 0:00:14]} 9. dxe5 {[%emt 0:00:01]} Nd7 {[%emt 0:00:01]} 10. Bf4 {[%emt 0:00:06]} g5 {[%emt 0:00:07]} 11. Be3 {[%emt 0:00:02]} Nxe5 {[%emt 0:00:03]} 12. Bd4 {[%emt 0:00:01]} Bg7 {[%emt 0:00:01]} 13. cxd5 {[%emt 0:00:02]} exd5 {[%emt 0:00:02]} 14. e4 {[%emt 0:00:03]} dxe4 {[%emt 0:00:05]} 15. Bxe5 {[%emt 0:00:12]} Bxe5 {[%emt 0:00:03]} 16. Qxe4 {[%emt 0:00:01]} Qe7 {[%emt 0:00:02]} 17. Nc3 {[%emt 0:00:14]} O-O {[%emt 0:00:06]} 18. Rfe1 {[%emt 0:00:02]} Rae8 {[%emt 0:00:09]} 19. Qa4 {[%emt 0:00:15]} Qc7 {[%emt 0:00:33]} 20. Qxa7 {[%emt 0:00:10]} Re6 {[%emt 0:00:17]} 21. Rac1 {[%emt 0:00:06]} Rfe8 {[%emt 0:00:09]} 22. Qc5 {[%emt 0:00:24]} h6 {[%emt 0:00:10]} 23. Red1 {[%emt 0:00:11]} Bxd1 {[%emt 0:00:02]} 24. Rxd1 {[%emt 0:00:01]} Bg7 {[%emt 0:00:11]} 25. Nd5 {[%emt 0:00:11]} Re1+ {[%emt 0:00:18]} 26. Bf1 {[%emt 0:00:08]} Qe5 {[%emt 0:00:07]} 27. Rxe1 {[%emt 0:00:02]} Qxe1 {[%emt 0:00:03]} 28. Ne3 {[%emt 0:00:01]} Qb1 {[%emt 0:00:23]} 29. Qb6 {[%emt 0:00:05]} Qxb2 {[%emt 0:00:07]} 30. Qc7 {[%emt 0:00:01]} Bd4 {[%emt 0:00:06]} 31. Bc4 {[%emt 0:00:02]} Rf8 {[%emt 0:00:08]} 32. Qe7 {[%emt 0:00:11]} Bxe3 {[%emt 0:00:05]} 33. Qxe3 {[%emt 0:00:01]} Qf6 {[%emt 0:00:10]} 34. Qb6 {[%emt 0:00:03]} Qe7 {[%emt 0:00:03]} 35. Bb3 {[%emt 0:00:07]} Kg7 {[%emt 0:00:05]} 36. Qd4+ {[%emt 0:00:02]} Qf6 {[%emt 0:00:06]} 37. Qd7 {[%emt 0:00:01]} b5 {[%emt 0:00:04]} 38. Qc7 {[%emt 0:00:02]} Re8 {[%emt 0:00:03]} 39. Qa5 {[%emt 0:00:03]} Re2 {[%emt 0:00:02]} 40. Qb6 {[%emt 0:00:02]} Qf3 {[%emt 0:00:12]} 41. Qd4+ {[%emt 0:00:07]} Kh7 {[%emt 0:00:08]} 42. Kf1 {[%emt 0:00:03]} Re4 {[%emt 0:00:11]} 43. Qxe4+ {[%emt 0:00:14]} Qxe4 {[%emt 0:00:02]} 44. Kg1 {[%emt 0:00:01]} c5 {[%emt 0:00:02]} 45. h3 {[%emt 0:00:04]} c4 {[%emt 0:00:01]} 46. Bd1 {[%emt 0:00:01]} Qb1 {[%emt 0:00:01]} 47. Kg2 {[%emt 0:00:01]} Qxd1 {[%emt 0:00:00]} 48. g4 {[%emt 0:00:01]} c3 {[%emt 0:00:01]} 49. Kg3 {[%emt 0:00:01]} c2 {[%emt 0:00:00]} 50. h4 {[%emt 0:00:01]} c1=Q {[%emt 0:00:00]} 51. hxg5 {[%emt 0:00:01]} Qc3+ {[%emt 0:00:00]} 52. Kh2 {[%emt 0:00:01]} Qdf3 {[%emt 0:00:01]} 53. Kg1 {[%emt 0:00:01] Zeit Zeit Zeit} 1-0

[Event "Stay Safe Play From Home 413"]
[Site "Emanuel Lasker Arena"]
[Date "2020.08.26"]
[Round "3"]
[White "Patzeroglu"]
[Black "MihailoVujic"]
[Result "0-1"]
[WhiteElo "1986"]
[BlackElo "2097"]
[PlyCount "100"]
[EventDate "2020.08.26"]
[EventType "swiss (blitz)"]

1. e4 {[%emt 0:00:16]} e5 {[%emt 0:00:01]} 2. Nf3 {[%emt 0:00:02]} Nc6 {[%emt 0:00:01]} 3. Nc3 {[%emt 0:00:01]} Nf6 {[%emt 0:00:02]} 4. Bc4 {[%emt 0:00:02]} Nxe4 {[%emt 0:00:02]} 5. Nxe4 {[%emt 0:00:02]} d5 {[%emt 0:00:01]} 6. Bd3 {[%emt 0:00:01]} dxe4 {[%emt 0:00:01]} 7. Bxe4 {[%emt 0:00:01]} Bd6 {[%emt 0:00:00]} 8. d3 {[%emt 0:00:22]} O-O {[%emt 0:00:04]} 9. h3 {[%emt 0:00:29]} Be6 {[%emt 0:00:09]} 10. Bg5 {[%emt 0:00:04]} f6 {[%emt 0:00:01]} 11. Bh4 {[%emt 0:00:01]} Qe8 {[%emt 0:00:02]} 12. Bg3 {[%emt 0:00:07]} f5 {[%emt 0:00:01]} 13. Bxc6 {[%emt 0:00:02]} bxc6 {[%emt 0:00:07]} 14. Qe2 {[%emt 0:00:28]} Rb8 {[%emt 0:00:48]} 15. Bxe5 {[%emt 0:00:06]} Qd7 {[%emt 0:00:20]} 16. Bxd6 {[%emt 0:00:06]} cxd6 {[%emt 0:00:02]} 17. O-O {[%emt 0:00:15]} Rxb2 {[%emt 0:00:04]} 18. Nd4 {[%emt 0:00:02]} Re8 {[%emt 0:00:11]} 19. Qd2 {[%emt 0:00:54]} Rbb8 {[%emt 0:00:17]} 20. Rfe1 {[%emt 0:00:05]} Bf7 {[%emt 0:00:06]} 21. Rxe8+ {[%emt 0:00:15]} Rxe8 {[%emt 0:00:06]} 22. Re1 {[%emt 0:00:03]} Rxe1+ {[%emt 0:00:04]} 23. Qxe1 {[%emt 0:00:02]} c5 {[%emt 0:00:01]} 24. Nb3 {[%emt 0:00:08]} Qe6 {[%emt 0:00:09]} 25. Qxe6 {[%emt 0:00:09]} Bxe6 {[%emt 0:00:01]} 26. c4 {[%emt 0:00:07] Patzeroglu offers a draw Patzeroglu offers a draw Patzeroglu offers a draw} f4 {[%emt 0:00:07]} 27. f3 {[%emt 0:00:05]} Bf5 {[%emt 0:00:02]} 28. Nc1 {[%emt 0:00:02]} Kf7 {[%emt 0:00:01]} 29. Kf2 {[%emt 0:00:01]} Kf6 {[%emt 0:00:01]} 30. Ke2 {[%emt 0:00:01]} Ke5 {[%emt 0:00:01]} 31. Kd2 {[%emt 0:00:02]} g5 {[%emt 0:00:04]} 32. Nb3 {[%emt 0:00:05]} h5 {[%emt 0:00:03] Patzeroglu offers a draw Patzeroglu offers a draw Patzeroglu offers a draw} 33. Na5 {[%emt 0:00:07]} Bd7 {[%emt 0:00:02]} 34. Nb3 {[%emt 0:00:03]} g4 {[%emt 0:00:02]} 35. hxg4 {[%emt 0:00:03]} hxg4 {[%emt 0:00:02]} 36. fxg4 {[%emt 0:00:05]} Bc6 {[%emt 0:00:03]} 37. Ke2 {[%emt 0:00:07]} Bxg2 {[%emt 0:00:03]} 38. g5 {[%emt 0:00:02]} Kf5 {[%emt 0:00:03]} 39. d4 {[%emt 0:00:01]} cxd4 {[%emt 0:00:09]} 40. Nxd4+ {[%emt 0:00:00]} Kxg5 {[%emt 0:00:02]} 41. Nb5 {[%emt 0:00:00] Patzeroglu offers a draw Patzeroglu offers a draw Patzeroglu offers a draw} Kg4 {[%emt 0:00:14]} 42. Kf2 {[%emt 0:00:03]} Bc6 {[%emt 0:00:07]} 43. Nxd6 {[%emt 0:00:01]} f3 {[%emt 0:00:04]} 44. Nb5 {[%emt 0:00:01]} a6 {[%emt 0:00:06]} 45. Nc7 {[%emt 0:00:01]} a5 {[%emt 0:00:01]} 46. Nb5 {[%emt 0:00:01]} Kf4 {[%emt 0:00:03]} 47. Nd4 {[%emt 0:00:00]} Bb7 {[%emt 0:00:08]} 48. Nb3 {[%emt 0:00:00]} a4 {[%emt 0:00:02]} 49. Nc5 {[%emt 0:00:00]} Bc6 {[%emt 0:00:01]} 50. Nd3+ {[%emt 0:00:01]} Ke4 {[%emt 0:00:01] Time Time Time (Lag: Av=0.70s, max=1.2s) (Lag: Av=0.70s, max=1.2s) (Lag: Av=0.70s, max=1.2s)} 0-1